00458nam a2200121Ia 45000010005000000080041000050820021000461000066000672450135001332600025002689010028002939990015003211800241024s9999 xx 000 0 und d aRD/460.7/R426t/3 aRepública Dominicana. Secretaría de Estado de Educación 0aEl texto narrativo en la escuela. Guía #3 para la enseñanza de la lengua escrita en 1ro. y 2do. grados de Educación Básica bEd. Centenarioc2003 a28/9/2011 10:19:53 a.m. c8230d8230